000 01277nam a2200241Ia 4500
003 Ost
005 20260507075205.0
008 260507s9999||||xx |||||||||||||| ||und||
040 _cfsecg
041 _aara
082 _a330
100 _aكروغمان، بول
_eمؤلف
245 0 _aعصر التوقعات الهابطة :
_bالسياسة الاقتصادية لـ US في 1990 /
_c بول كروغمان
260 _aعمان:
_bدار الكتاب الحديث,
_c2009
300 _a191 صفحة؛
_bإيضاحات ؛
_c24 سم
504 _aمراجع ص.
520 _aجذور الرفاه الاقتصادي : نمو الانتاجية ، توزيع الدخل ، التوظيف و البطالة ، العجز التجاري ، التضخم ، الرعاية الصحية ، عجز الميزانية ، الاحتياطي الفيدرالي المحصن ، الدولار ، التجارة الدولية و الحمائية ، اليابان ، فضيحة الادخارات و القروض ، التمويل العالمي ، آفاق امريكية .
653 _aالأزمات الاقتصادية
653 _aالبطالة
653 _aالتشغيل
700 _aالتل، نادر ادريس
_eمؤلف ثانوي
942 _cكتاب
999 _c43425
_d43425